ARRUPE JESUIT UNIVERSITY

CORONAVIRUS -STOP THE SPREAD - CLEAN,DISINFECT,COVER

Jesuites En Afrique Centrate Et Formation Integrale De L'homme (Record no. 120137)

MARC details
000 -LEADER
fixed length control field 00475nam a22001337a 4500
008 - FIXED-LENGTH DATA ELEMENTS--GENERAL INFORMATION
fixed length control field 140221b xxu||||| |||| 00| 0 eng d
050 ## - LIBRARY OF CONGRESS CALL NUMBER
Classification number B5300.5.J5 no.13
100 ## - MAIN ENTRY--PERSONAL NAME
Personal name Journeer Philosophiques canisius
9 (RLIN) 8864
245 ## - TITLE STATEMENT
Title Jesuites En Afrique Centrate Et Formation Integrale De L'homme
Statement of responsibility, etc Journeer Philosophiques canisius
260 ## - PUBLICATION, DISTRIBUTION, ETC. (IMPRINT)
Place of publication, distribution, etc Kinshasa
Name of publisher, distributor, etc Publications Canisius
Date of publication, distribution, etc 2011
300 ## - PHYSICAL DESCRIPTION
Extent 207p. ;
Dimensions 21cm.
650 ## - SUBJECT ADDED ENTRY--TOPICAL TERM
Topical term or geographic name as entry element Jesuits in Congo
General subdivision History
9 (RLIN) 8865
942 ## - ADDED ENTRY ELEMENTS (KOHA)
Source of classification or shelving scheme Library of Congress Classification
Item type Monograph ( Printed materials)
Holdings
Withdrawn status Lost status Source of classification or shelving scheme Damaged status Not for loan Collection code Home library Current library Shelving location Date acquired Total Checkouts Full call number Barcode Date last seen Price effective from Koha item type
    Library of Congress Classification     Main Collection ARRUPE LIBRARY ARRUPE LIBRARY Main Collection 21/02/2014   B5300.5.J5 no.13 46500002140 21/02/2014 21/02/2014 Monograph ( Printed materials)

 

Arrupe Library. PO Box MP320 Mt Pleasant, Harare, Zimbabwe
263 242 745411|librarian@aju.ac.zw